MDQL
is popping MORE tags! Check the
thread
!
Quizzes
Events
Quiz Creation
Community
Videos
Private Events
Remove Ads
Sign In
Join for FREE
Feedback
Dark Mode
Quiz Categories
Sports
Geography
Music
Movies
Television
Just For Fun
Miscellaneous
History
Literature
Language
Science
Gaming
Entertainment
Religion
Holiday
For Kids
Quiz Lab
Recent
Popular Today
Quiz Kudos Today
Editor Picks
Curator Picks
Quizzes by...
Day
Popularity
Type
Ratings
Length
Year
Community
Subscriptions
Recent Discussions
Orange Saloon
Badges
Playlists
Quests
Create
Leaderboards
Showdown
Live 5
Trivia Bingo
Activity
Puzzle Library
Sporcle Events
Private Events
Virtual Trivia
Globe League
Become a Host
Pub Owners
SporcleCon
Opinionation
Our Games
Videos
Blog
Mobile Apps
Partnerships
Remove Ads and Go Orange
Feedback
Movies
Disney
Marvel Cinematic Universe
Movie Resume
Movie Titles
Oscar
Actor
Actress
Director
Pixar
Role
Movie Quotes
Movie Characters
Box Office
Nominee
Best Picture
Star Wars
James Bond
Horror Movies
Movies
Disney
Marvel Cinematic Universe
Movie Resume
Movie Titles
Oscar
Actor
Actress
Director
Pixar
Role
Movie Quotes
Movie Characters
Box Office
Nominee
Best Picture
Star Wars
James Bond
Horror Movies
Random Quiz
Search Sporcle
×
Curator Pick
Curator Pick
Movies
Role
Type in answers that appear in a list
Type in answers that appear in a list
Classic
Best Score? Go Orange.
Michelle Pfeiffer Films Stats
Can you name the films featuring Michelle Pfeiffer?
By
SporcleEXP
8m
39 Questions
1,231 Plays
1,231 Plays
1,231 Plays
Comments
Comments
Give Quiz Kudos
Give Quiz Kudos
-
- Ratings
hide this ad
Replay
Link that replays current quiz
Next Quiz
Link to next quiz in quiz playlist
You Got
0%
They Got
Avg Score
46%
Avg Friend Score
Upgrade to see
Score Distribution
Jump to the score distribution portion of the page
Score
0/39
Timer
08:00
0
Plays Today
Year
Film
% Correct
1992
Batman Returns
92.2%
1982
Grease 2
77.6%
1983
Scarface
75.5%
1991
Frankie and Johnny
73.8%
1989
The Fabulous Baker Boys
70.8%
1987
The Witches of Eastwick
68.4%
2000
What Lies Beneath
68.2%
1995
Dangerous Minds
67.6%
1988
Dangerous Liaisons
67.3%
1988
Married to the Mob
64%
1996
One Fine Day
60.8%
2007
Hairspray
60.4%
2007
Stardust
59.5%
1993
The Age of Innocence
53%
1994
Wolf
52.2%
1998
The Prince of Egypt
49.5%
1996
Up Close & Personal
47.6%
1999
A Midsummer Night's Dream
46.5%
1990
The Russia House
46.3%
2002
White Oleander
45.1%
Year
Film
% Correct
1985
Ladyhawke
44.7%
1996
To Gillian on her 37th Birthday
44.2%
1988
Tequila Sunrise
42%
2001
I Am Sam
40.5%
1992
Love Field
39.2%
1999
The Story of Us
37.4%
1999
The Deep End of the Ocean
34.9%
2011
New Year's Eve
33.6%
1997
A Thousand Acres
33.1%
2009
Cheri
32.6%
2003
Sinbad: Legend of the Seven Seas
31.1%
2007
I Could Never Be Your Woman
28.8%
1985
Into the Night
26.8%
1980
The Hollywood Knights
23%
2009
Personal Effects
21%
1988
Amazon Women on the Moon
16.8%
1986
Sweet Liberty
16.7%
1981
Charlie Chan and the Curse of the Dragon Queen
15.8%
1980
Falling In Love Again
15.6%
Quiz Playlist
Details
Report
Send in Message
Add To Playlist
Classic:
Type in answers that appear in a list
Quiz Source
Last Updated: Feb 16, 2017
Curator Pick in
Movie Resume
Quiz Scoreboard
CHALLENGE
Sign Up to Join the Scoreboard
Show All
Scores
Hide
Comments
May contain spoilers
Recently Published
5x2 Blitz: Bands
by SL_Kpop136
Music
30s
Colored Red Africa Blitz
by spor1
Geography
30s
Find the 'City' Movie
by crazypaving
Movies
60s
More to Explore
Quiz From the Vault
Featured Blog Post
14 Easter Pick-up Lines to Find Eggs With
hide this ad
You Might Also Like...
Tags
Movie Resume Quiz
Role Quiz
michelle
Michelle Pfeiffer
Pfeiffer
Today's Top Quizzes in Movies
Browse Movies
hide this ad
Today's Top Quizzes in Role
Browse Role
Top Contributed Quizzes in Movies
1
Find The 'Big' Movie
2
Find The 'Wild' Movie
3
Find The 'Blue' Movie
4
Movies By Plot
5
Hidden Star Wars Character II
6
Pick 5 Posters: Directed by Spielberg
7
Hidden Star Wars Character III
8
The ultimate James Bond movie quiz
9
Hidden Star Wars Character IV
10
25 Best Actor Nominees (1990s)
Explore More
Trending Topics
Crossword
Kpop
Harry Potter
NBA
Disney
Anime
Marvel
WWE
Country
Soccer
NFL
Pokémon
Puzzle
Song
The Office
hide this ad
More By:
SporcleEXP
Quiz
Plays
Rating
Category
Featured
Created
Harry Potter Deaths in Order Minefield
3,068,779
4.18
Literature
Jan 27, 2016
Sins, Dwarfs, and Spice Girls
847,324
4.42
Just For Fun
Apr 11, 2012
Ancient History Bunker
708,296
4.28
History
Jan 20, 2014
Movie Posters VI
679,085
4.37
Movies
Nov 12, 2010
Movie Posters VII
621,907
4.44
Movies
Apr 16, 2011
Go to Creator's Profile
Score Distribution
Quiz Creator Spotlight
SporcleEXP
Follow
Send a Message
Quizzes Created
-
Created Quiz Play Count
-
More By This Creator
Popular Quizzes Today
1
Colored Red Africa Blitz
2
Find the 'City' Movie
3
Find the US States - No Outlines Minefield
4
5x2 Blitz: Bands
5
The Countries of the World
6
Find the US States
7
US States
8
Find the Countries of Europe - No Outlines Minefield
More Movies Quizzes
This Movie is Not Suitable for Children II
Published
Trending Quizzes
Colored Red Europe Blitz I
Colored Red Africa Blitz II
Colored Red Europe Blitz II
Colored Red Europe Blitz III
Colored Red Africa Blitz III
Recently Updated
How Do You Spell That?
pecheneg
Godzilla Movies
pecheneg
Grab Bag: 4-10 Letters
pecheneg
2024 March Madness Bracket
pecheneg
Famous TV Couples
Peacemaker
Champions League XIs: Real Madrid
pecheneg
Largest US Cities 1790-2010
pecheneg
Rides in Walt Disney World
pecheneg
Most Oscar Losses (Acting)
pecheneg
Beyoncé Albums
pecheneg
Trending Topics
Kpop
Anime
Crossword
Harry Potter
Disney
NBA
Marvel
Song
WWE
Puzzle
NFL
Country
Soccer
The Office
Pokémon
Your Account Isn't Verified!
In order to create a playlist on Sporcle, you need to verify the email address you used during registration. Go to your
Sporcle Settings
to finish the process.
Report this User
Report this user for behavior that violates our
Community Guidelines
.
Details:
Send Report
Go to the Sporcle.com Mobile Site →
Comments